Vainqueurs du Master 1000 de Shanghai - Statistiques

Statistiques générales
  • Ce quiz a été pris 29 fois
  • Le résultat moyen est 11 sur 13
Statistiques - réponses
Champions % Correct
2018 Djokovic
100%
2015 Djokovic
100%
2013 Djokovic
100%
2012 Djokovic
100%
2017 Federer
95%
2014 Federer
95%
2024 Sinner
91%
2019 Medvedev
86%
2016 Murray
77%
2011 Murray
77%
2010 Murray
77%
2009 Davydenko
50%
2023 Hurkacz
27%
Aucun quiz correspondant
Distribution des résultats
% des personnes avec chaque résultat
Percentile par nombre de réponses
Votre historique - résultats
Vous n’avez pas pris ce quiz